Analýza príčin výskytu prasklín pri vyrábaných výrobkoch v spoločnosti BOGE Rubber & Plastics, pobočka Trnava

Saved in:
Bibliographic Details
Main Author: Neštický, Jakub (Author)
Other Authors: Linczényi, Alexander (Thesis advisor)
Format: Manuscript Book
Language:Slovak
Published: 2018
Subjects:
Online Access:http://is.stuba.sk/zp/portal_zp.pl?podrobnosti=129217
Tags: Add Tag
No Tags, Be the first to tag this record!

MARC

LEADER 00000ntm a22000003a 4500
001 stuzp62494
003 SK-STU
005 20180820151746.7
007 ta
008 150427s2015----xo-----f-mn---000-0-slo-d
040 |a STU  |b slo 
041 0 |a slo 
100 1 |a Neštický, Jakub  |u 064000  |4 aut  |U MTF Materiálovotechnologická fakulta  |T MTF Ústav priemyselného inžinierstva a manažmentu  |X 65565  |U M4000  |Y 84  |7 65565 
242 0 1 |a Analysis of the causes of cracks in manufactured products at BOGE Rubber & Plastics in Trnava  |y eng 
245 1 0 |a Analýza príčin výskytu prasklín pri vyrábaných výrobkoch v spoločnosti BOGE Rubber & Plastics, pobočka Trnava 
260 |c 2018 
650 4 |a hypotesis  |2 eng 
650 4 |a DMAIC  |2 eng 
650 4 |a Six Sigma  |2 eng 
650 4 |a DMAIC  |2 slo 
650 4 |a hypotéza  |2 slo 
650 4 |a Six Sigma  |2 slo 
700 1 |a Linczényi, Alexander  |4 ths  |X 3055  |7 A000003055 
856 4 |u http://is.stuba.sk/zp/portal_zp.pl?podrobnosti=129217 
996 |c M* BP-8409  |l MMSKP  |s P  |a 0  |w stuzp62494_0001